Lord of the Rings - Frodo Baggins Trivia (difficult) - Statistics

General Stats
  • This quiz has been taken 229 times
    204 since last reset
  • The average score is 24 of 34
Answer Stats
Hint Answer % Correct
Frodo's Gardener Samwise Gamgee
96%
Frodo's close friends in the Shire Meriadoc Brandybuck
95%
Peregrin Took
95%
Frodo's adoptive guardian Bilbo Baggins
94%
Creature who Frodo binds to servitude by oath. Gollum
90%
What is the name of the spider that poisons Frodo? Shelob
90%
Who healed (mostly) Frodo's wound? Elrond
89%
Name of Frodo's Father Drogo Baggins
88%
Name of Hobbit Farmer whom Frodo stole mushrooms from Farmer Maggot
87%
What burden was entrusted to Frodo by the Council of Elrond? The One Ring
87%
Who Stabbed Frodo using a Morgul-blade? The Witch-King of Angmar
87%
Where did Frodo yield his will to the power of the One Ring and claim it for himself? Mount Doom
85%
What did Bilbo give Frodo in Rivendell to aid him on his quest? Sting
84%
What gift did Frodo receive from Galariel? The light of Earendil
84%
Frodo's Alias Mr. Underhill
79%
Who portrayed Frodo in Peter Jackson's Films? Elijah Wood
77%
What, beside the ring, did Frodo lose on the last stage of his quest? Finger
77%
Elf who lent Frodo a horse in order to out run the Nazgul to Rivendell Glorfindel
76%
What political office did Frodo hold in the Shire Mayor
65%
What is the name of the path Frodo and company go through to get to Mordor? Cirith Ungol
64%
Region where Frodo lived as a child Buckland
63%
Fredegar Bolger
63%
How did Frodo's parents die? Drowned
60%
Creature that speared Frodo in Moria Orc Captain
60%
The place where Frodo left the Fellowship Amon Hen
57%
Mithril Coat
57%
Faramir captures Frodo and company in what region? Ithilien
55%
Which Valar's name did Frodo invoke at Weathertop to resist the Nazgul? Elbereth Gilthoniel
54%
At what age did Frodo cross the sea into the Undying Lands? 53
49%
In which battle did Frodo directly ensure the safety of the Hobbits of the Shire? The Battle of Bywater
47%
Town where Frodo bought a house in order to escape the Shire without anyone suspecting Crickhollow
37%
Name of Frodo's Mother Primula Brandybuck
35%
House in which Frodo lived as a child Brandy Hall
30%
Folco Boffin
22%
No matching quizzes found
Score Distribution
Percent of People with Each Score
Percentile by Number Answered
Your Score History
You have not taken this quiz since the last reset